Statistics for Pokémon - All Poké Balls (by pictures)

Click here to take the quiz!

General Stats

  • This quiz has been taken 46 times
  • The average score is 21 of 38

Answer Stats

Answer% Correct
Poké Ball
100%
Ultra Ball
100%
Great Ball
96%
Master Ball
96%
Dusk Ball
78%
Love Ball
78%
Net Ball
78%
Safari Ball
78%
Heavy Ball
70%
Premier Ball
70%
Timer Ball
70%
Quick Ball
67%
Luxury Ball
63%
Beast Ball
59%
Dive Ball
59%
Heal Ball
59%
Fast Ball
56%
Moon Ball
56%
Nest Ball
52%
Cherish Ball
48%
Great Ball (Hisui)
48%
Lure Ball
48%
Poké Ball (Hisui)
48%
Repeat Ball
48%
Ultra Ball (Hisui)
48%
Friend Ball
44%
Heavy Ball (Hisui)
44%
Level Ball
44%
Dream Ball
33%
Feather Ball
33%
Sport Ball
30%
Jet Ball
26%
Wing Ball
26%
Origin Ball
22%
Park Ball
22%
Strange Ball
22%
Gigaton Ball
19%
Leaden Ball
15%

Score Distribution

Percentile by Number Answered

Percent of People with Each Score

Your Score History

You have not taken this quiz